Home Print Resources E-Books E-Journals IIMT Lecture Series Library Membership Form Book Recommendation Form Campus Tour Take AdmissionAbout Us Contact Us

ROCK MECHANICS (Record no. 36021)

000 -LEADER
fixed length control field 00353nam a22001577a 4500
003 - CONTROL NUMBER IDENTIFIER
control field OSt
005 - DATE AND TIME OF LATEST TRANSACTION
control field 20240322111731.0
008 - FIXED-LENGTH DATA ELEMENTS--GENERAL INFORMATION
fixed length control field 170731b xxu||||| |||| 00| 0 eng d
020 ## - INTERNATIONAL STANDARD BOOK NUMBER
International Standard Book Number 978-8126534562
040 ## - CATALOGING SOURCE
Transcribing agency SEROSOFT
100 ## - MAIN ENTRY--PERSONAL NAME
Personal name COOK,JEGER
245 ## - TITLE STATEMENT
Title ROCK MECHANICS
260 ## - PUBLICATION, DISTRIBUTION, ETC.
Place of publication, distribution, etc. DELHI
Name of publisher, distributor, etc. WILEY INDIA
Date of publication, distribution, etc. 2012
300 ## - PHYSICAL DESCRIPTION
Extent 475
942 ## - ADDED ENTRY ELEMENTS (KOHA)
Source of classification or shelving scheme
Koha item type General Book
Holdings
Withdrawn status Lost status Source of classification or shelving scheme Damaged status Not for loan Home library Current library Date acquired Source of acquisition Coded location qualifier Total Checkouts Full call number Barcode Date last seen Price effective from Koha item type
          IIMT University Central Library Meerut IIMT University Central Library Meerut 07/31/2017 IBD ENGINEERIN   624.15132015118 01-B-122179 07/31/2017 07/31/2017 Book Bank
          IIMT University Central Library Meerut IIMT University Central Library Meerut 07/31/2017 IBD ENGINEERIN   R 01-B-122180 07/31/2017 07/31/2017 Reference Book
          IIMT University Central Library Meerut IIMT University Central Library Meerut 07/31/2017 IBD ENGINEERIN   624.15132015118 01-B-122181 07/31/2017 07/31/2017 Book Bank
          IIMT University Central Library Meerut IIMT University Central Library Meerut 07/31/2017 IBD ENGINEERIN   624.15132015118 01-B-122182 07/31/2017 07/31/2017 Book Bank
IIMT, Central Library. All Rights Reserved IIMT,UNIVERSITY © 2023
Implemented and Customised by I CLOUDE EMS
You Are OPAC Visitor No
free web counter

Powered by Koha